• 首页
  • 本馆介绍
  • 公告通知
  • 最新文献
  • 馆藏检索
  • 电子资源
  • 读者导购
  • 参考咨询
  • 我的图书馆
  • 登录
  • 详细信息显示
  • 放入我的书架
  • 预约/预借图书
  • 作者相关作品
  • 分类相关作品
  • 丛书相关作品
  • 出版社相关作品

书目信息

  • 表格格式
  • 工作单格式
  • 卡片格式
题名:
微观会计的宏观经济监督管理职能作用研究
    
 
作者: 杨小明 著
分册:  
出版信息: 北京   经济日报出版社  2018
页数: 184页
开本: 24cm
丛书名:
单 册:
中图分类: F233.2
科图分类:
主题词: 会计--监管制度--研究--中国
电子资源:
ISBN: 978-7-5196-0265-9
000 00923nam0 2200241 450
001 012001004865
005 20140928162350.0
010    @a978-7-5196-0265-9@dCNY46.00
100    @a20180612d2018 em y0chiy50 ea
101 0  @achi
102    @aCN@b110000
105    @ay z 000yy
106    @ar
200 1  @a微观会计的宏观经济监督管理职能作用研究@9wei guan kuai ji de hong guan jing ji jian du guan li zhi neng zuo yong yan jiu@f杨小明著
210    @a北京@c经济日报出版社@d2018
215    @a184页@d24cm
300    @a当代中国学术文库
330    @a本书较系统地论述了建立全国性会计核算及综合监督管理机构的合法性、必要性和可能性,阐明了会计核算与宏观综合监督管理的内容及其重要意义,高度契合国家加强宏观管理、规范经济秩序的迫切需要。
606 0  @a会计@x监管制度@x研究@y中国
690    @aF233.2@v5
701  0 @a杨小明@9yang xiao ming@f(1963-)@4著
801  0 @aCN@b上海新华@c20180901
905    @b1167193-7@dF233.2@e578@f5
    
    微观会计的宏观经济监督管理职能作用研究/杨小明著.-北京:经济日报出版社,2018
    184页;24cm
    当代中国学术文库
    
    ISBN 978-7-5196-0265-9:CNY46.00
    本书较系统地论述了建立全国性会计核算及综合监督管理机构的合法性、必要性和可能性,阐明了会计核算与宏观综合监督管理的内容及其重要意义,高度契合国家加强宏观管理、规范经济秩序的迫切需要。
●
相关链接 在E读中查询图书 在五车中查询图书 在当当中查询图书 在豆瓣中查询图书


正题名:微观会计的宏观经济监督管理职能作用研究     索取号:F233.2/578         预约/预借

序号 登录号 条形码 馆藏地/架位号 状态 备注
1 1167193   211671939   第一样本阅览室/ [索取号:F233.2/578] 在馆    
2 1167194   211671948   密集书库-海洋学院/ [索取号:F233.2/578] 在馆    
3 1167195   211671957   第一借阅区/ [索取号:F233.2/578] 在馆    
4 1167196   211671966   第一借阅区/ [索取号:F233.2/578] 在馆    
5 1167197   211671975   第一借阅区/ [索取号:F233.2/578] 在馆    
唐山师范学院图书馆 欢迎您!
大连网信软件有限公司© 版权所有